Top Lemon Producing Countries - Statistics

General Stats
  • This quiz has been taken 175 times
  • The average score is 15 of 20
Answer Stats
Hint Tonnes Answer % Correct
8 822,000 United States
96%
2 2,429,839 Mexico
94%
3 2,329,863 China
93%
5 1,262,353 Brazil
92%
10 379,282 Italy
90%
6 857,754 Spain
89%
1 2,978,000 India
88%
4 1,678,337 Argentina
84%
7 850,600 Turkey
81%
11 341,451 Egypt
80%
18 135,113 Chile
79%
16 144,066 Colombia
79%
9 457,270 Iran
77%
13 282,918 Peru
77%
12 323,440 South Africa
66%
19 115,038 Thailand
66%
15 180,905 Syria
45%
17 135,824 Guatemala
40%
20 105,085 Lebanon
35%
14 270,060 Sudan
29%
No matching quizzes found
Score Distribution
Percent of People with Each Score
Percentile by Number Answered
Your Score History
You have not taken this quiz